Politiky Európskej únie pre obchodno-podnikateľské služby a ich realizácia diplomová práca

Salvato in:
Dettagli Bibliografici
Autore principale: Conortová, Sandra
Ente Autore: Obchodná fakulta EU. Katedra služieb a cestovného ruchu - zrušené
Altri autori: Michalová, Valéria
Natura: Libro
Lingua:slovacco
Pubblicazione: Bratislava 2011
Tags: Aggiungi Tag
Nessun Tag, puoi essere il primo ad aggiungerne!!

MARC

LEADER 00000nbm a2200000 4500
001 0132086
005 20161109101748.1
041 0 |a slo 
044 |a SK 
245 1 0 |a Politiky Európskej únie pre obchodno-podnikateľské služby a ich realizácia  |b diplomová práca  |c Sandra Conortová ; školiteľ: Valéria Michalová 
264 1 |a Bratislava  |c 2011 
300 |a 65 s. 
100 1 |a Conortová, Sandra 
700 1 |a Michalová, Valéria 
710 2 |a Obchodná fakulta EU. Katedra služieb a cestovného ruchu - zrušené